[Event "26.Off.Bayer.Senioren-EM 2014"]
[Site "Bergen"]
[Date "2014.06.21"]
[Round "1.1"]
[White "Hermann, Josef"]
[Black "Roeder, Frank"]
[Result "0-1"]
[WhiteElo "1687"]
[BlackElo "2184"]
[PlyCount "70"]
[EventDate "2014.??.??"]
[WhiteTeam "TSV Trostberg"]
[BlackTeam "SV Altensittenbach"]

1. c4 c6 2. Nc3 d5 3. cxd5 cxd5 4. d4 Nf6 5. Bf4 Nc6 6. Nf3 Bf5 7. e3 e6 8. Bd3
Bxd3 9. Qxd3 Be7 10. O-O O-O 11. a3 a6 12. h3 b5 13. Ne5 Nxe5 14. Bxe5 Nd7 15.
Bg3 Rc8 16. b4 Nb6 17. Ne2 Qd7 18. Nc1 a5 19. Qb3 Qc6 20. Nd3 Qc3 21. Qxc3 Rxc3
22. Nc5 Nc4 23. bxa5 Ra8 24. Bc7 Nxa5 25. Rfb1 Bxc5 26. Rxb5 Nb3 27. Rb1 Bf8
28. R1xb3 Rxc7 29. f4 g6 30. Kf2 Rc2+ 31. Kf3 Rxa3 32. g4 Raa2 33. Rb7 Rg2 34.
e4 Raf2+ 35. Ke3 Re2+ 0-1

[Event "26.Off.Bayer.Senioren-EM 2014"]
[Site "Bergen"]
[Date "2014.06.21"]
[Round "1.2"]
[White "Schmidt, Gerhard"]
[Black "Harke, Horst"]
[Result "1-0"]
[WhiteElo "2152"]
[BlackElo "1686"]
[PlyCount "69"]
[EventDate "2014.??.??"]
[WhiteTeam "Schachclub Unterhaching e.V."]
[BlackTeam "SK Varel"]

1. d4 d5 2. c4 c6 3. e3 Nf6 4. Bd3 e6 5. Nf3 Be7 6. O-O O-O 7. Nc3 dxc4 8. Bxc4
Nbd7 9. e4 h6 10. Qe2 a5 11. Rd1 Bb4 12. a3 Bxc3 13. bxc3 Qc7 14. a4 Re8 15. e5
Nd5 16. Bd2 Nf8 17. Qe4 Ne7 18. Bc1 Bd7 19. Ba3 Neg6 20. Bd6 Qd8 21. Rdb1 Bc8
22. h4 Ne7 23. Bxe7 Qxe7 24. Bd3 Rd8 25. h5 f5 26. exf6 Qxf6 27. Re1 Rd5 28.
Ne5 c5 29. Bc4 Rd8 30. d5 exd5 31. Bxd5+ Be6 32. Ng4 Qg5 33. Bxe6+ Nxe6 34.
Qxe6+ Kh8 35. Ne5 1-0

[Event "26.Off.Bayer.Senioren-EM 2014"]
[Site "Bergen"]
[Date "2014.06.21"]
[Round "1.3"]
[White "Niedermaier, Peter"]
[Black "Koller, Hubert"]
[Result "0-1"]
[WhiteElo "1684"]
[BlackElo "2089"]
[PlyCount "170"]
[EventDate "2014.??.??"]
[WhiteTeam "SU Ebersberg-Grafing"]
[BlackTeam "Mostarriche/Ypps"]

1. e4 Nc6 2. d4 e5 3. d5 Nb8 4. Nf3 d6 5. h3 Be7 6. c4 Nf6 7. Nc3 O-O 8. Bd3
Nbd7 9. Bc2 a5 10. O-O Nc5 11. Be3 b6 12. b3 Bd7 13. Re1 Qc8 14. Kh2 Ne8 15.
Qd2 f5 16. exf5 Bxf5 17. Bxf5 Qxf5 18. Rad1 Nf6 19. Ng5 h6 20. Nf3 Qh5 21. Kg1
Nfd7 22. Qe2 Rf7 23. Nh2 Qg6 24. Qg4 Qh7 25. Qe2 Raf8 26. Nb5 Bd8 27. Ng4 h5
28. Nh2 Qg6 29. Rf1 Rf5 30. Qc2 Qf7 31. Rd2 e4 32. Nd4 Re5 33. Nc6 Rf5 34. Nd4
Rf6 35. Ne2 Re8 36. Ng3 Qg6 37. Bd4 Rf7 38. Re2 h4 39. Nh1 Bf6 40. Bxf6 Rxf6
41. Ng4 Rf4 42. f3 Qf7 43. Rfe1 Ne5 44. Nxe5 dxe5 45. fxe4 Rf8 46. Nf2 g6 47.
Rd1 Qf6 48. Qd2 Qd6 49. Qb2 Nd7 50. Ng4 Qc5+ 51. Nf2 R8f7 52. Rdd2 Kh7 53. Kh2
Nf8 54. Nd3 Qe7 55. Nxf4 Rxf4 56. Qc2 g5 57. Rf2 Ng6 58. Rxf4 Nxf4 59. Qc3 Kh6
60. Qf3 Nh5 61. Rf2 Nf4 62. g3 hxg3+ 63. Qxg3 Nh5 64. Qg4 Nf4 65. Qf5 Qc5 66.
Qf6+ Kh5 67. Rd2 Qe3 68. Qh8+ Kg6 69. Rb2 Qxe4 70. h4 Qd4 71. Qe8+ Kf5 72. Qd7+
Kg6 73. Qe8+ Kf5 74. Qf8+ Kg4 75. Qa3 Kxh4 76. b4 axb4 77. Qxb4 Nd3 78. Rd2
Nxb4 79. Rxd4+ exd4 80. Kg2 Kg4 81. Kf2 Kh3 82. a4 Na6 83. a5 g4 84. Ke2 Nc5
85. Kd2 g3 0-1

[Event "26.Off.Bayer.Senioren-EM 2014"]
[Site "Bergen"]
[Date "2014.06.21"]
[Round "1.4"]
[White "Urytskyy, Arkadiy"]
[Black "Walch, Roger"]
[Result "1-0"]
[WhiteElo "2084"]
[BlackElo "1681"]
[PlyCount "65"]
[EventDate "2014.??.??"]
[WhiteTeam "TSV Bindlach Aktionär-Schachabte"]
[BlackTeam "SW Nürnberg Süd e.V."]

1. Nf3 Nf6 2. g3 e6 3. c4 d5 4. b3 Be7 5. Bg2 c6 6. O-O Nbd7 7. d3 O-O 8. Nbd2
Qc7 9. Bb2 e5 10. cxd5 Nxd5 11. Rc1 f6 12. Nxe5 Nb4 13. Nxd7 Qxd7 14. a3 Na6
15. Nf3 Bd6 16. Qc2 Qe7 17. b4 Nc7 18. Rfe1 a5 19. bxa5 Rxa5 20. a4 Nd5 21. Ra1
Nb4 22. Qd2 Rh5 23. Ba3 c5 24. Rab1 Nc6 25. Rb5 Na7 26. Rb6 Bc7 27. Rb2 b6 28.
d4 Rd8 29. Qc2 Bh3 30. Bxh3 Rxh3 31. dxc5 Qe6 32. cxb6 Bxb6 33. Qb3 1-0

[Event "26.Off.Bayer.Senioren-EM 2014"]
[Site "Bergen"]
[Date "2014.06.21"]
[Round "1.5"]
[White "Schroeder, Klaus"]
[Black "Miskevicer, Boris"]
[Result "0-1"]
[WhiteElo "1680"]
[BlackElo "2079"]
[PlyCount "68"]
[EventDate "2014.??.??"]
[WhiteTeam "SC Karlsdorf"]
[BlackTeam "SG Schwabing München Nord e.V."]

1. Nf3 g6 2. d4 Bg7 3. c4 Nf6 4. Nc3 O-O 5. e4 d6 6. Be2 Nbd7 7. h3 e5 8. dxe5
dxe5 9. Be3 c6 10. Qd2 Qe7 11. O-O Nc5 12. Qc2 a5 13. a3 Nh5 14. b4 Ne6 15. c5
Nd4 16. Qb2 Nf4 17. Nh2 Qg5 18. g3 Nxh3+ 19. Kh1 Qe7 20. Rad1 axb4 21. axb4 h5
22. Nf3 Nxe2 23. Nxe2 Bg4 24. Kg2 f5 25. Nh4 f4 26. f3 Be6 27. Nxg6 Qf6 28.
Nxf8 Ra2 29. Qxa2 Bxa2 30. Nd7 Qg5 31. Bc1 Bc4 32. Kxh3 Bxe2 33. gxf4 Bxf1+ 34.
Rxf1 exf4 0-1

[Event "26.Off.Bayer.Senioren-EM 2014"]
[Site "Bergen"]
[Date "2014.06.21"]
[Round "1.6"]
[White "Daeubler, Heinrich"]
[Black "Stadler, Lothar"]
[Result "1-0"]
[WhiteElo "2044"]
[BlackElo "1674"]
[PlyCount "119"]
[EventDate "2014.??.??"]
[WhiteTeam "Schachclub Haselmühl"]
[BlackTeam "SAbt SV Weiss-BL.Allianz"]

1. d4 Nf6 2. c4 e6 3. Nf3 d5 4. Nc3 Be7 5. g3 c6 6. Bg2 O-O 7. O-O Nbd7 8. Bf4
Nh5 9. Bc1 f5 10. Qb3 Nhf6 11. Rd1 Bd6 12. Ng5 Qe8 13. cxd5 exd5 14. e4 fxe4
15. Ncxe4 Bc7 16. Re1 Kh8 17. Bf4 Bxf4 18. Nxf6 Qg6 19. Ne6 Rxf6 20. Nxf4 Qf7
21. Qe3 Nb6 22. Qe8+ Qf8 23. Qxf8+ Rxf8 24. h4 Bd7 25. Nd3 Rae8 26. Ne5 Be6 27.
b3 Nd7 28. Re3 Nxe5 29. Rxe5 Bd7 30. f4 Kg8 31. b4 Rxe5 32. fxe5 Bg4 33. b5 Bf3
34. bxc6 Bxg2 35. cxb7 Bh3 36. Rc1 Rb8 37. Rc7 Kf8 38. Kf2 h5 39. Ke3 g6 40.
Kf4 Be6 41. Kg5 Bf5 42. Kf6 Re8 43. Rf7+ Kg8 44. Re7 Rf8+ 45. Kg5 Bd3 46. e6
Rb8 47. Kf6 Ba6 48. Rg7+ Kh8 49. Rd7 Rxb7 50. Rxb7 Bxb7 51. Kf7 Kh7 52. e7 Bc6
53. e8=Q Bxe8+ 54. Kxe8 g5 55. Kf7 Kh6 56. Kf6 gxh4 57. gxh4 a6 58. a4 a5 59.
Ke6 Kg6 60. Kxd5 1-0

[Event "26.Off.Bayer.Senioren-EM 2014"]
[Site "Bergen"]
[Date "2014.06.21"]
[Round "1.7"]
[White "Klimpel, Siegfried"]
[Black "Goy, Udo"]
[Result "0-1"]
[WhiteElo "1662"]
[BlackElo "2032"]
[PlyCount "42"]
[EventDate "2014.??.??"]
[WhiteTeam "TSV Kareth-Lappersdorf"]
[BlackTeam "Ford Schachfreunde Köln e.V."]

1. e4 d6 2. d4 Nf6 3. Nc3 c6 4. h3 e5 5. Be3 Be7 6. Nf3 Nbd7 7. a4 O-O 8. a5
exd4 9. Bxd4 d5 10. exd5 cxd5 11. a6 Re8 12. Bb5 Bb4+ 13. Kf1 Re6 14. axb7 Bxb7
15. Rxa7 Rxa7 16. Bxa7 Bxc3 17. bxc3 Ne4 18. Bd4 Ndf6 19. Ne5 Qc7 20. Qd3 Rxe5
21. Bxe5 Qxe5 0-1

[Event "26.Off.Bayer.Senioren-EM 2014"]
[Site "Bergen"]
[Date "2014.06.21"]
[Round "1.8"]
[White "Roeder, Gerd"]
[Black "Lueders, Guenter"]
[Result "1-0"]
[WhiteElo "2016"]
[BlackElo "1659"]
[PlyCount "53"]
[EventDate "2014.??.??"]
[WhiteTeam "SV Altensittenbach"]
[BlackTeam "TSV 1883 Benshausen"]

1. e4 c5 2. c3 d6 3. d4 cxd4 4. cxd4 Nd7 5. Nc3 g6 6. h4 h5 7. Nf3 Bg7 8. Bc4
Ngf6 9. Bxf7+ Kxf7 10. Ng5+ Kg8 11. Qb3+ d5 12. Nxd5 e6 13. Nxe6 Qe8 14. Ndc7
Qf7 15. Nxa8 Nxe4 16. Ng5 Qxb3 17. axb3 Nxg5 18. Bxg5 Bxd4 19. O-O Bxb2 20.
Rxa7 Be5 21. Rc1 Kg7 22. Nc7 Nf6 23. Bxf6+ Bxf6 24. g3 Rf8 25. Ra8 Bd7 26. Rxf8
Kxf8 27. Nd5 1-0

[Event "26.Off.Bayer.Senioren-EM 2014"]
[Site "Bergen"]
[Date "2014.06.21"]
[Round "1.9"]
[White "Mehlhorn, Dieter"]
[Black "Straub, Peter"]
[Result "0-1"]
[WhiteElo "1656"]
[BlackElo "2009"]
[PlyCount "50"]
[EventDate "2014.??.??"]
[WhiteTeam "Post-SV Crimmitschau"]
[BlackTeam "SK Mering"]

1. d4 Nf6 2. Nf3 e6 3. e3 b6 4. Bd3 Bb7 5. Nbd2 d5 6. Qe2 Nc6 7. c3 Be7 8. b3
O-O 9. O-O Re8 10. Bb2 Bf8 11. Rac1 g6 12. Ne5 Nxe5 13. dxe5 Nd7 14. c4 Bg7 15.
Nf3 c5 16. cxd5 exd5 17. Bb5 a6 18. Bxd7 Qxd7 19. Qc2 Qg4 20. h3 Qh5 21. Qc3
Rad8 22. Kh2 d4 23. exd4 cxd4 24. Qd3 Bxf3 25. gxf3 Bxe5+ 0-1

[Event "26.Off.Bayer.Senioren-EM 2014"]
[Site "Bergen"]
[Date "2014.06.21"]
[Round "1.10"]
[White "Fischer, Gerd"]
[Black "Appel, Juergen"]
[Result "1/2-1/2"]
[WhiteElo "2008"]
[BlackElo "1650"]
[PlyCount "46"]
[EventDate "2014.??.??"]
[WhiteTeam "FC Gunzenhausen 1910 e.V"]
[BlackTeam "Zwickauer Schachclub"]

1. e4 d6 2. d4 Nd7 3. Nf3 e6 4. Bc4 g6 5. O-O Bg7 6. Nc3 Ne7 7. Ne2 a6 8. Nf4
Nb6 9. Bb3 O-O 10. Nd3 Nd7 11. Be3 b6 12. Re1 Bb7 13. Bf4 h6 14. c3 Kh7 15. Nd2
g5 16. Bg3 e5 17. dxe5 dxe5 18. Nf3 Ng6 19. h3 c5 20. Qe2 Qc7 21. Bc2 Rad8 22.
Rad1 a5 23. h4 f6 1/2-1/2

[Event "26.Off.Bayer.Senioren-EM 2014"]
[Site "Bergen"]
[Date "2014.06.21"]
[Round "1.11"]
[White "Wolfram, Gisbert"]
[Black "Selig, Rainer"]
[Result "0-1"]
[WhiteElo "1637"]
[BlackElo "1966"]
[PlyCount "110"]
[EventDate "2014.??.??"]
[WhiteTeam "SU Ebersberg-Grafing"]
[BlackTeam "Spielver. Ebersbach/SA."]

1. Nf3 d5 2. g3 Nf6 3. Bg2 c6 4. O-O Bf5 5. d3 Nbd7 6. Nbd2 e6 7. Qe1 Be7 8. e4
Bg6 9. Qe2 O-O 10. b3 Re8 11. Bb2 Bc5 12. e5 Ng4 13. h3 Nh6 14. Nh4 Nf5 15.
Nxg6 hxg6 16. Nf3 Nxg3 17. Qd2 Nxf1 18. Rxf1 Qb6 19. d4 Be7 20. h4 Qd8 21. Ng5
Nf8 22. Qf4 f6 23. Nf3 f5 24. Qg3 a5 25. a4 b5 26. Ra1 Kf7 27. Ng5+ Bxg5 28.
hxg5 Nd7 29. Bf1 bxa4 30. Rxa4 Nb6 31. Ra1 a4 32. Ra3 Qc7 33. Qc3 axb3 34. cxb3
Qb7 35. f4 Nd7 36. Kf2 Reb8 37. Rxa8 Rxa8 38. Bd3 Qb6 39. Kf3 Rb8 40. Bc2 c5
41. Ba1 Qb5 42. Kf2 Qb4 43. Ke3 Rh8 44. Qxb4 cxb4 45. Bb2 Rh3+ 46. Ke2 Nb8 47.
Bc1 Nc6 48. Bb2 Na5 49. Kd2 Nxb3+ 50. Bxb3 Rxb3 51. Kc2 Rf3 52. Bc1 Ke8 53. Bd2
b3+ 54. Kb2 Kd7 55. Bc1 Kc6 0-1

[Event "26.Off.Bayer.Senioren-EM 2014"]
[Site "Bergen"]
[Date "2014.06.21"]
[Round "1.12"]
[White "Hein, Manfred"]
[Black "Schindler, Jan"]
[Result "0-1"]
[WhiteElo "1943"]
[BlackElo "1637"]
[PlyCount "78"]
[EventDate "2014.??.??"]
[WhiteTeam "FC Gunzenhausen 1910 e.V"]
[BlackTeam "SC Anderssen Nürnberg 1929 e.V."]

1. e4 e5 2. Nf3 Nf6 3. Nc3 Nc6 4. Bc4 h6 5. d3 Bb4 6. Bd2 O-O 7. a3 Bxc3 8.
Bxc3 d6 9. h3 Be6 10. Bb5 Ne7 11. O-O Ng6 12. Bd2 c6 13. Ba4 Qb6 14. b4 Rfd8
15. c4 d5 16. exd5 cxd5 17. c5 Qc7 18. Qe2 e4 19. Nd4 Bd7 20. Nb5 Bxb5 21. Bxb5
a6 22. Ba4 Qe5 23. Rab1 Qd4 24. dxe4 Nxe4 25. Rfd1 Nc3 26. Bxc3 Qxc3 27. Rb3
Nf4 28. Qd2 Qe5 29. Re1 Qg5 30. Qxf4 Qxf4 31. Rf3 Qc7 32. Rfe3 d4 33. Re7 Qf4
34. Rxb7 d3 35. c6 d2 36. Rf1 Rac8 37. Rd7 Rxd7 38. cxd7 Rd8 39. g3 Qd4 0-1

[Event "26.Off.Bayer.Senioren-EM 2014"]
[Site "Bergen"]
[Date "2014.06.21"]
[Round "1.13"]
[White "Alefs, Heinz"]
[Black "Stolpynskyy, Mark"]
[Result "0-1"]
[WhiteElo "1627"]
[BlackElo "1943"]
[PlyCount "86"]
[EventDate "2014.??.??"]
[WhiteTeam "SC Eichenau"]
[BlackTeam "SW Nürnberg Süd e.V."]

1. d4 d5 2. Nf3 Nf6 3. e3 Bf5 4. c4 c6 5. Qb3 Qc7 6. Nc3 e6 7. Bd2 Nbd7 8. Rc1
Qb6 9. c5 Qc7 10. h3 h6 11. Be2 Be7 12. O-O O-O 13. Nh2 e5 14. f4 exd4 15. exd4
Ne4 16. Nxe4 Bxe4 17. f5 Bf6 18. Be3 Rfe8 19. Ng4 Re7 20. Nxf6+ Nxf6 21. Bf4
Qd7 22. Bd6 Ree8 23. Bd3 Bxd3 24. Qxd3 Ne4 25. Bf4 f6 26. Qd1 Qxf5 27. Bxh6 Qg6
28. Bf4 Re7 29. Rf3 Rae8 30. Qd3 Qh5 31. Kh2 Qh4 32. Rc2 Re6 33. g3 Qh5 34. Rg2
g5 35. g4 Qh4 36. Bg3 Qh6 37. Bf2 Kg7 38. Rf5 a6 39. a4 R8e7 40. b4 Re8 41. Bg3
Qxh3+ 42. Kxh3 Rh8+ 43. Bh4 Rxh4# 0-1

[Event "26.Off.Bayer.Senioren-EM 2014"]
[Site "Bergen"]
[Date "2014.06.21"]
[Round "1.14"]
[White "Gerl, Hans"]
[Black "Mahrla, Hans"]
[Result "1-0"]
[WhiteElo "1917"]
[BlackElo "1626"]
[PlyCount "155"]
[EventDate "2014.??.??"]
[WhiteTeam "SK Zirndorf e.V."]
[BlackTeam "SC Eichenau"]

1. d4 Nf6 2. c4 e6 3. Nf3 d5 4. Nc3 a6 5. e3 dxc4 6. Bxc4 b5 7. Bd3 Bb7 8. O-O
Nbd7 9. Qe2 Be7 10. e4 c5 11. Rd1 cxd4 12. Nxd4 O-O 13. a3 Nc5 14. Bc2 Qc7 15.
e5 Nd5 16. Nxd5 Bxd5 17. Bf4 Qb7 18. Qg4 f5 19. exf6 Bxf6 20. Bd6 Rfc8 21. Rac1
Bxd4 22. Qxd4 Ne4 23. Be5 Rc4 24. Qe3 Rac8 25. Bxe4 Rxc1 26. Rxc1 Rxc1+ 27.
Qxc1 Bxe4 28. f3 Bd5 29. Qg5 Qd7 30. h4 h6 31. Qg4 Qf7 32. Kh2 Qa7 33. Bd4 Qc7+
34. Kh3 Qf7 35. Kh2 Qc7+ 36. Kh3 Qf7 37. Qg3 Qd7 38. Qe5 Qf7 39. Kh2 Bc4 40.
Be3 Bd3 41. Bd4 Bc4 42. f4 Bd5 43. g4 Qg6 44. Qe2 Qe4 45. Qxe4 Bxe4 46. Kg3 Kf7
47. Kf2 Bd5 48. Bc3 g6 49. Ke3 Bc4 50. Kd4 g5 51. hxg5 hxg5 52. fxg5 Kg6 53.
Bd2 a5 54. Ke5 a4 55. Kd6 Bb3 56. Bf4 Bc4 57. Kc5 e5 58. Be3 e4 59. Kd4 Bd3 60.
Kc3 Bc4 61. Kd4 Bd3 62. Ke5 Bc2 63. Kd4 Bd3 64. Kc5 Bc4 65. Kb4 Bd3 66. b3 axb3
67. Kxb3 Bc4+ 68. Kb4 Bd3 69. Bf4 Bc4 70. a4 Be2 71. axb5 Bxg4 72. b6 Bc8 73.
Kc5 Bb7 74. Kd6 Kf5 75. Be3 Ba6 76. Kc7 Kg6 77. b7 Bxb7 78. Kxb7 1-0

[Event "26.Off.Bayer.Senioren-EM 2014"]
[Site "Bergen"]
[Date "2014.06.21"]
[Round "1.15"]
[White "Oser, Thor"]
[Black "Glueck, Josef"]
[Result "1/2-1/2"]
[WhiteElo "1622"]
[BlackElo "1899"]
[PlyCount "47"]
[EventDate "2014.??.??"]
[WhiteTeam "SK 1929 Jöhlingen"]
[BlackTeam "SG Traunstein/Traunreut e.V."]

1. d4 g6 2. g3 Bg7 3. Bg2 c5 4. dxc5 Qa5+ 5. c3 Qxc5 6. Nd2 Nf6 7. h3 O-O 8.
Ngf3 d5 9. O-O Nc6 10. Nb3 Qd6 11. Be3 Ne4 12. Nfd2 f5 13. Nxe4 fxe4 14. Qe1 h5
15. Rd1 Bf5 16. Nd4 Nxd4 17. cxd4 Rfc8 18. Qd2 Qd7 19. Kh2 Rc6 20. Rc1 Rac8 21.
Rxc6 Rxc6 22. Rc1 Qc8 23. Rxc6 Qxc6 24. h4 1/2-1/2

[Event "26.Off.Bayer.Senioren-EM 2014"]
[Site "Bergen"]
[Date "2014.06.21"]
[Round "1.16"]
[White "Kochseder, Georg"]
[Black "Husser, Oskar"]
[Result "1-0"]
[WhiteElo "1892"]
[BlackElo "1620"]
[PlyCount "55"]
[EventDate "2014.??.??"]
[WhiteTeam "TV 1890 Hallstadt"]
[BlackTeam "SC Caissa Falkensee e.V."]

1. e4 d5 2. exd5 Nf6 3. d4 Bg4 4. Be2 Bxe2 5. Nxe2 Qxd5 6. O-O Nc6 7. b3 e6 8.
c4 Qf5 9. Nbc3 a6 10. h3 Bd6 11. Be3 h6 12. a3 g5 13. Qb1 Qxb1 14. Rfxb1 O-O-O
15. b4 Be7 16. Rd1 Rd7 17. Rd2 Rhd8 18. Rad1 Bf8 19. f3 Ne7 20. Bf2 Bg7 21. a4
Ne8 22. Ne4 Nd6 23. Nc5 Nxc4 24. Rc2 Na3 25. Rc3 Nb5 26. axb5 Rd5 27. bxa6 b6
28. a7 1-0

[Event "26.Off.Bayer.Senioren-EM 2014"]
[Site "Bergen"]
[Date "2014.06.21"]
[Round "1.17"]
[White "Baumgartner, Andreas"]
[Black "Neubauer, Jaroslaus"]
[Result "0-1"]
[WhiteElo "1618"]
[BlackElo "1889"]
[PlyCount "42"]
[EventDate "2014.??.??"]
[WhiteTeam "ASV J'Adoube Grassau SAB"]
[BlackTeam "Schachklub Schweinfurt 2000 e.V."]

1. d4 e6 2. c4 Nf6 3. Nc3 Bb4 4. Nf3 d5 5. e3 O-O 6. Bd3 dxc4 7. Bxc4 c5 8. O-O
cxd4 9. exd4 Qc7 10. Qb3 Bxc3 11. bxc3 Nc6 12. Bd3 e5 13. Nxe5 Nxe5 14. dxe5
Qxe5 15. f3 Be6 16. Qc2 Rfd8 17. Bb2 Qe3+ 18. Qf2 Qxf2+ 19. Rxf2 Rxd3 20. c4
Bxc4 21. Bxf6 gxf6 0-1

[Event "26.Off.Bayer.Senioren-EM 2014"]
[Site "Bergen"]
[Date "2014.06.21"]
[Round "1.18"]
[White "Walther, Reinhard"]
[Black "Schuster, Herbert"]
[Result "1/2-1/2"]
[WhiteElo "1885"]
[BlackElo "1615"]
[PlyCount "98"]
[EventDate "2014.??.??"]
[WhiteTeam "SK 1911 Herzogenaurach e.V."]
[BlackTeam "SK Landshut"]

1. d4 Nf6 2. c4 e6 3. Nc3 d5 4. Nf3 Be7 5. e3 O-O 6. Be2 Nbd7 7. O-O c6 8. b3
b6 9. Bb2 Bb7 10. Rc1 Rc8 11. Rc2 c5 12. Qb1 Ne4 13. Nxe4 dxe4 14. Nd2 f5 15.
Rd1 Qe8 16. Nf1 Bf6 17. Rcd2 cxd4 18. Bxd4 Bxd4 19. Rxd4 Ne5 20. Ng3 g6 21. Bf1
Qe7 22. Qb2 Qf6 23. Qd2 h5 24. Ne2 Qg5 25. Kh1 Qh4 26. g3 Qf6 27. Bg2 h4 28.
Rd6 hxg3 29. hxg3 Qh8+ 30. Kg1 Qf6 31. Nf4 Rce8 32. Qd4 Kf7 33. Kf1 Ba8 34. Ke2
Nc6 35. Rd7+ Ne7 36. Qd6 g5 37. Nh3 Rc8 38. Qa3 Bc6 39. Rxa7 Ra8 40. Rd2 Rad8
41. Qc1 Rxd2+ 42. Qxd2 Ra8 43. Rxa8 Bxa8 44. Qd4 Qxd4 45. exd4 Kf6 46. Ke3 Nc6
47. a3 Na5 48. Bf1 Nxb3 49. Ng1 Na5 1/2-1/2

[Event "26.Off.Bayer.Senioren-EM 2014"]
[Site "Bergen"]
[Date "2014.06.21"]
[Round "1.19"]
[White "Kammel, Rudolf"]
[Black "Simin, Vladimir"]
[Result "0-1"]
[WhiteElo "1613"]
[BlackElo "1883"]
[PlyCount "92"]
[EventDate "2014.??.??"]
[WhiteTeam "SC Bavaria Regensb.1881"]
[BlackTeam "FC Ergolding 1932 e.V."]

1. e4 c5 2. d4 cxd4 3. c3 d3 4. c4 d6 5. Bxd3 Nf6 6. Nc3 e6 7. f4 Be7 8. Nf3
O-O 9. O-O Nbd7 10. Qe2 a6 11. b3 Nc5 12. Bc2 b5 13. e5 b4 14. Ne4 Nfxe4 15.
Bxe4 Nxe4 16. Qxe4 Rb8 17. Bb2 Bb7 18. Qe2 d5 19. Rad1 Qb6+ 20. Bd4 Bc5 21. Qf2
Rbc8 22. Bxc5 Qxc5 23. Rd4 Rc7 24. h3 Rfc8 25. Rfd1 h6 26. Kh2 Qe7 27. Nd2 a5
28. Re1 Rc5 29. Rc1 Ba6 30. Qe3 Qc7 31. Qd3 g6 32. g3 a4 33. h4 h5 34. Qf1 Qa5
35. Rc2 R8c6 36. Qc1 Qc7 37. Qf1 dxc4 38. Nxc4 Bxc4 39. Rcxc4 Rxc4 40. bxc4 b3
41. axb3 axb3 42. Qc1 Ra6 43. Kh3 Ra2 44. c5 Qc6 45. Rd2 Rxd2 46. Qxd2 Qh1+ 0-1

[Event "26.Off.Bayer.Senioren-EM 2014"]
[Site "Bergen"]
[Date "2014.06.21"]
[Round "1.20"]
[White "Weyand, Fernand"]
[Black "Rueckleben, Hermann"]
[Result "0-1"]
[WhiteElo "1587"]
[BlackElo "1876"]
[PlyCount "54"]
[EventDate "2014.??.??"]
[WhiteTeam "SVG Saarbrücken 1970 e.V."]
[BlackTeam "SF Baden-Lichtental"]

1. e4 g6 2. d4 Bg7 3. Be3 d6 4. Nc3 a6 5. a4 b6 6. Be2 Nd7 7. Qd2 Bb7 8. f4 e6
9. Nf3 Ngf6 10. Qd3 Rc8 11. O-O c5 12. d5 exd5 13. exd5 O-O 14. Rad1 Re8 15.
Bf2 Ng4 16. Bh4 Qc7 17. Bf2 Ndf6 18. h3 Nxf2 19. Rxf2 Qe7 20. Re1 Ne4 21. Rff1
Nxc3 22. bxc3 Qe3+ 23. Qxe3 Rxe3 24. Bd3 Rxe1 25. Rxe1 c4 26. Be2 Bxc3 27. Rb1
Ba5 0-1

[Event "26.Off.Bayer.Senioren-EM 2014"]
[Site "Bergen"]
[Date "2014.06.21"]
[Round "1.21"]
[White "Duerr, Rainer"]
[Black "Scheuerlein, Gerhard"]
[Result "1-0"]
[WhiteElo "1861"]
[BlackElo "1585"]
[PlyCount "41"]
[EventDate "2014.??.??"]
[WhiteTeam "SC Prien"]
[BlackTeam "SK Schwabach 1907 e.V."]

1. d4 Nf6 2. Nf3 e6 3. e3 b6 4. Bd3 Bb7 5. O-O d5 6. b3 Nbd7 7. Bb2 Be7 8. c4
c6 9. Nc3 Rc8 10. e4 dxe4 11. Nxe4 Nxe4 12. Bxe4 Nf6 13. Bc2 Qc7 14. Re1 O-O
15. Qe2 Bb4 16. Red1 Rfe8 17. Ne5 Rcd8 18. Rd3 g6 19. Ng4 Nh5 20. Rf3 Be7 21.
Nh6+ 1-0

[Event "26.Off.Bayer.Senioren-EM 2014"]
[Site "Bergen"]
[Date "2014.06.21"]
[Round "1.23"]
[White "Pidtoptanyy, Igor"]
[Black "Malik, Heinz"]
[Result "1/2-1/2"]
[WhiteElo "1821"]
[BlackElo "1568"]
[PlyCount "48"]
[EventDate "2014.??.??"]
[WhiteTeam "SW Nürnberg Süd e.V."]
[BlackTeam "SK Großweil"]

1. e4 c6 2. Nc3 d5 3. Nf3 dxe4 4. Nxe4 Bg4 5. Bc4 e6 6. O-O Nd7 7. d4 Ngf6 8.
Nxf6+ Nxf6 9. c3 Be7 10. Bf4 O-O 11. h3 Bxf3 12. Qxf3 Nd5 13. Bxd5 exd5 14. Qg3
Re8 15. Be5 f6 16. Bf4 Qd7 17. Rfe1 Bf8 18. Qd3 Re6 19. Re3 Rxe3 20. Bxe3 Re8
21. Re1 Bd6 22. Bd2 Rxe1+ 23. Bxe1 Qe6 24. Bd2 f5 1/2-1/2

[Event "26.Off.Bayer.Senioren-EM 2014"]
[Site "Bergen"]
[Date "2014.06.21"]
[Round "1.24"]
[White "Flockerzi, Armin"]
[Black "Krafzik, Joachim"]
[Result "0-1"]
[WhiteElo "1565"]
[BlackElo "1819"]
[PlyCount "80"]
[EventDate "2014.??.??"]
[WhiteTeam "VfR-SC Koblenz"]
[BlackTeam "SC Haar 1931"]

1. Nf3 b6 2. g3 Bb7 3. Bg2 f5 4. e3 Nf6 5. O-O e6 6. d4 Be7 7. b3 O-O 8. Bb2
Qe8 9. Nbd2 d6 10. Re1 Bd8 11. c4 Nbd7 12. Nh4 Bxg2 13. Nxg2 g5 14. Qc2 Qh5 15.
f4 Ng4 16. Nf1 Ndf6 17. fxg5 Ne4 18. Nf4 Qf7 19. Nh3 Bxg5 20. Qg2 Rae8 21. Rad1
a5 22. Bc1 Bh6 23. Rd3 e5 24. dxe5 Nxe5 25. Rd4 Qh5 26. Kh1 Nf3 27. Qe2 Nc3 28.
Rh4 Qxh4 29. gxh4 Nxe2 30. Rxe2 Nxh4 31. Ng3 f4 32. exf4 Rxe2 33. Nxe2 Re8 34.
Nhg1 Nf3 35. Kg2 Nxg1 36. Nxg1 Re4 37. Kf3 Re1 38. Ne2 Rd1 39. Ke4 Rh1 40. a3
Rxh2 0-1

[Event "26.Off.Bayer.Senioren-EM 2014"]
[Site "Bergen"]
[Date "2014.06.21"]
[Round "1.25"]
[White "Knollmueller, Peter"]
[Black "Stephan, Hubert"]
[Result "1-0"]
[WhiteElo "1815"]
[BlackElo "1540"]
[PlyCount "71"]
[EventDate "2014.??.??"]
[WhiteTeam "SK Töging"]
[BlackTeam "SC Prien"]

1. Nf3 d5 2. d4 Nf6 3. c4 e6 4. Nc3 Be7 5. Bg5 b6 6. e3 Bb7 7. cxd5 Nxd5 8.
Bxe7 Nxe7 9. Bb5+ c6 10. Bd3 Ba6 11. O-O Bxd3 12. Qxd3 O-O 13. Ng5 Ng6 14. f4
Nd7 15. Rad1 Qe7 16. Rd2 b5 17. a3 Nb6 18. h4 f6 19. Nxh7 Kxh7 20. h5 Qf7 21.
Qe4 Nc4 22. Re2 Rac8 23. hxg6+ Qxg6 24. Qxe6 Rfe8 25. Qh3+ Kg8 26. e4 Rcd8 27.
Rd1 Kf7 28. e5 f5 29. d5 Rh8 30. Qf3 Qh6 31. d6 Qh2+ 32. Kf2 Rh4 33. Rd4 c5 34.
e6+ Kg6 35. Rxc4 Rxd6 36. e7 1-0

[Event "26.Off.Bayer.Senioren-EM 2014"]
[Site "Bergen"]
[Date "2014.06.21"]
[Round "1.26"]
[White "Alefs, Willi"]
[Black "Klein, Klaus"]
[Result "1-0"]
[WhiteElo "1533"]
[BlackElo "1809"]
[PlyCount "95"]
[EventDate "2014.??.??"]
[WhiteTeam "SC Fuldatal"]
[BlackTeam "SF Heidelberg"]

1. c4 e5 2. Nc3 Nc6 3. b3 Nf6 4. Bb2 g6 5. Nf3 d6 6. Nd5 Bg7 7. d3 O-O 8. h3
Ne7 9. e4 c6 10. Ne3 Qa5+ 11. Qd2 Qxd2+ 12. Nxd2 Nh5 13. g3 f5 14. Be2 f4 15.
Nef1 fxg3 16. fxg3 Rxf1+ 17. Nxf1 Nf6 18. Ne3 Nh5 19. Bxh5 gxh5 20. Ke2 Be6 21.
g4 h4 22. Nf5 Ng6 23. Bc1 d5 24. Nxg7 Kxg7 25. Be3 d4 26. Bd2 a5 27. Rhf1 a4
28. bxa4 Rxa4 29. Rfb1 Bc8 30. a3 h6 31. Kf3 Nf8 32. Kg2 Ne6 33. Rf1 Nc5 34. g5
h5 35. Rf3 Nb3 36. Ra2 Nxd2 37. Rxd2 Rxa3 38. Rdf2 Be6 39. Rf6 Bg8 40. R6f3 b5
41. cxb5 cxb5 42. Rb2 Rb3 43. Ra2 b4 44. Ra7+ Kh8 45. Rf8 Ra3 46. Rb7 b3 47. g6
Ra6 48. Rh7# 1-0